Sociological theories of international migration: the case of refugees /

Gardado en:
Detalles Bibliográficos
Autor Principal: Richmond, Anthony H.
Formato: Texto
Etiquetas: Engadir etiqueta
Sen Etiquetas, Sexa o primeiro en etiquetar este rexistro!

MARC

LEADER 00000 a a2200000 04500
001 48515
003
040
100 |a Richmond, Anthony H.  
245 |a Sociological theories of international migration:   |b the case of refugees /  |c Anthony H. Richmond  
773 |g volumen 36, número 2, (1988), páginas 7-25  
999 |c 24649  |d 24649